|
|
|
|
| LEADER |
00000nab a2200000 ar4500 |
| 001 |
vtls010499539 |
| 003 |
SK-MaSNL |
| 005 |
20260305040155.0 |
| 008 |
180907c2012 xo wr|p|||||||000 b|slo |
| 038 |
|
|
|a PPPK
|
| 040 |
|
|
|a PPPKCL
|b slo
|c PPPKCL
|e AACR2
|
| 041 |
0 |
|
|a slo
|
| 044 |
|
|
|a xo
|c SK
|
| 080 |
|
|
|a 39
|x (437.6)
|2 2001
|
| 100 |
1 |
|
|a Horký, J.
|4 aut
|9 967503
|
| 245 |
1 |
0 |
|a O Spiši pod Zoborom rozprával nestor slovenskej etnografie
|c J. HORKÝ
|
| 300 |
|
|
|b Fotogr.
|
| 600 |
1 |
7 |
|a Olejník, Ján,
|d 1921-2017
|2 pppkcl
|9 170319
|
| 610 |
2 |
7 |
|a Univerzita Konštantína Filozofa v Nitre.
|b Filozofická fakulta.
|b Katedra etnológie a etnomuzikológie
|2 SNKKA
|9 181084
|
| 648 |
|
7 |
|a 17.10.2012
|2 pppkcl
|9 1097476
|
| 650 |
0 |
7 |
|a etnografia
|2 pppkcl
|9 950
|
| 650 |
0 |
7 |
|a besedy
|2 pppkcl
|9 285511
|
| 650 |
0 |
7 |
|a rodáci
|2 snkbucl
|9 30842
|
| 651 |
|
7 |
|a Vysoké Tatry (Poľsko a Slovensko : pohorie)
|2 SNKPHgeo
|9 67729
|
| 651 |
|
7 |
|a Spišské Vlachy (Slovensko)
|2 snkbucl
|9 30828
|
| 651 |
|
7 |
|a Spišská Nová Ves (Slovensko : okres)
|2 pppkcl
|9 22259
|
| 651 |
|
7 |
|a Nitra (Slovensko)
|2 snkbucl
|9 15714
|
| 773 |
0 |
|
|t Podtatranské noviny
|g Roč. LIII, č. 51-52 (2012), s. 13
|x 1210-2423
|
| 852 |
|
|
|a PPPK
|b KIS3GCP
|
| 999 |
|
|
|c 3337045
|d 3338975
|